000 00449nam a2200181Ia 4500
001 17856
005 20260306171548.0
008 260306s9999||||xx |||||||||||||| ||und||
041 _aESP
082 _a658.3
_bA67
100 _aArbaiza Fermini, Lydia
_eAUT
245 0 _aDirección de recursos humanos:
_bel factor humano
260 _c2016
300 _a273 páginas :
_c24 cm.
650 _aGEN
654 _aCAN
942 _cLIB
_dJUS
_fJUS
_2ddc
_n
999 _c17856
_d17856